ESPN's FC 100: Top 100 Best Soccer Players 2024 - Statistics

General Stats
  • This quiz has been taken 1,586 times
  • The average score is 71 of 100
Answer Stats
Group Rank Club Nationality Answer % Correct
Attackers 1 Paris Saint-Germain France Kylian Mbappe
100%
Attackers 3 Manchester City Norway Erling Haaland
98%
Attackers 2 Bayern Munich England Harry Kane
98%
Attackers 5 Liverpool Egypt Mohamed Salah
97%
Attackers 6 Atlético Madrid France Antoine Griezmann
96%
Attackers 7 Inter Miami Argentina Lionel Messi
96%
Attackers 4 Real Madrid Brazil Vinícius Jr.
96%
Attackers 10 Tottenham Hotspur South Korea Son Heung-min
95%
Attackers 9 Arsenal England Bukayo Saka
93%
Attackers 15 Al Nassr Portugal Cristiano Ronaldo
93%
Attackers 8 Manchester City England Phil Foden
93%
Attackers 11 Chelsea England Cole Palmer
90%
Attackers 12 Inter Milan Argentina Lautaro Martinez
90%
Attackers 16 Real Madrid Brazil Rodrygo
89%
Attackers 14 AC Milan Portugal Rafael Leão
87%
Attackers 13 Napoli Nigeria Victor Osimhen
87%
Attackers 19 Liverpool Colombia Luis Díaz
86%
Attackers 18 Newcastle United Sweden Alexander Isak
85%
Attackers 20 Napoli Georgia Khvicha Kvaratskhelia
82%
Attackers 28 AC Milan United States Christian Pulisic
81%
Midfielders 2 Real Madrid England Jude Bellingham
81%
Attackers 26 Barcelona Poland Robert Lewandowski
81%
Midfielders 1 Manchester City Spain Rodri
81%
Midfielders 3 Arsenal Norway Martin Ødegaard
80%
Midfielders 10 Manchester City Belgium Kevin De Bruyne
79%
Attackers 17 Aston Villa England Ollie Watkins
79%
Attackers 24 AS Roma Argentina Paulo Dybala
79%
Midfielders 4 Real Madrid Germany Toni Kroos
78%
Midfielders 9 Manchester United Portugal Bruno Fernandes
77%
Attackers 23 Juventus Serbia Dusan Vlahovic
77%
Midfielders 8 Barcelona Spain Pedri
77%
Midfielders 5 Arsenal England Declan Rice
76%
Midfielders 14 Barcelona Netherlands Frenkie De Jong
75%
Attackers 21 Bayern Munich Germany Leroy Sané
75%
Defenders 3 Liverpool Netherlands Virgil van Dijk
75%
Midfielders 7 Real Madrid France Aurélien Tchouaméni
74%
Attackers 27 Paris Saint-Germain France Ousmane Dembélé
74%
Midfielders 18 Liverpool Argentina Alexis Mac Allister
73%
Defenders 1 Real Madrid Germany Antonio Rüdiger
73%
Midfielders 22 Manchester City Portugal Bernardo Silva
73%
Midfielders 6 Bayer Leverkusen Germany Florian Wirtz
73%
Defenders 7 Paris Saint-Germain Morocco Achraf Hakimi
72%
Midfielders 26 Real Madrid Uruguay Federico Valverde
72%
Midfielders 19 Real Madrid France Eduardo Camavinga
71%
Midfielders 21 Barcelona Spain Gavi
71%
Defenders 2 Arsenal France William Saliba
71%
Defenders 14 Bayern Munich Canada Alphonso Davies
70%
Defenders 9 Liverpool Scotland Andrew Robertson
70%
Defenders 6 Manchester City England John Stones
70%
Defenders 4 Manchester City England Kyle Walker
70%
Defenders 5 Paris Saint-Germain Brazil Marquinhos
70%
Goalkeepers 3 Manchester City Brazil Ederson Moraes
69%
Goalkeepers 2 Aston Villa Argentina Emiliano Martinez
69%
Midfielders 27 Chelsea Argentina Enzo Fernández
69%
Goalkeepers 6 Bayern Munich Germany Manuel Neuer
69%
Goalkeepers 1 Liverpool Brazil Alisson Becker
68%
Goalkeepers 10 Paris Saint-Germain Italy Gianluigi Donnarumma
68%
Attackers 29 Manchester City England Jack Grealish
68%
Goalkeepers 4 Atlético Madrid Slovenia Jan Oblak
68%
Goalkeepers 5 Barcelona Germany Marc-Andre ter Stegen
68%
Attackers 22 Bayer Leverkusen Nigeria Victor Boniface
68%
Midfielders 17 Newcastle United Brazil Bruno Guimarães
67%
Defenders 18 Manchester City Croatia Joško Gvardiol
67%
Midfielders 13 Inter Milan Italy Nicolò Barella
67%
Defenders 8 Barcelona Uruguay Ronald Araújo
67%
Defenders 17 Manchester City Portugal Rúben Dias
67%
Attackers 30 Sporting CP Sweden Viktor Gyökeres
67%
Defenders 12 Real Madrid Spain Dani Carvajal
66%
Midfielders 24 Bayer Leverkusen Switzerland Granit Xhaka
66%
Midfielders 12 Bayern Munich Germany Jamal Musiala
66%
Midfielders 11 Arsenal Germany Kai Havertz
66%
Midfielders 15 Bayern Munich Germany Joshua Kimmich
65%
Goalkeepers 7 AC Milan France Mike Maignan
64%
Midfielders 16 RB Leipzig Netherlands Xavi Simons
64%
Goalkeepers 8 Inter Milan Switzerland Yann Sommer
64%
Midfielders 20 Inter Milan Turkey Hakan Çalhanoğlu
63%
Defenders 20 Liverpool England Trent Alexander-Arnold
63%
Midfielders 25 West Ham United Brazil Lucas Paqueta
61%
Defenders 13 Bayern Munich Netherlands Matthijs de Ligt
61%
Defenders 11 Inter Milan Italy Alessandro Bastoni
60%
Defenders 23 Liverpool France Ibrahima Konaté
60%
Defenders 15 Bayer Leverkusen Spain Alejandro Grimaldo
59%
Defenders 28 Barcelona France Jules Koundé
58%
Defenders 22 Real Madrid France Ferland Mendy
57%
Defenders 19 AC Milan France Théo Hernández
56%
Defenders 10 Inter Milan Italy Federico Dimarco
55%
Midfielders 30 Tottenham Hotspur England James Maddison
55%
Defenders 24 Bayer Leverkusen Netherlands Jeremie Frimpong
53%
Defenders 27 Arsenal England Ben White
52%
Defenders 30 Tottenham Hotspur Netherlands Micky Van De Ven
52%
Defenders 25 Bayer Leverkusen Germany Jonathan Tah
51%
Defenders 21 Aston Villa Spain Pau Torres
47%
Midfielders 23 Fulham Portugal João Palhinha
46%
Midfielders 29 Borussia Dortmund Germany Julian Brandt
46%
Goalkeepers 9 Bayer Leverkusen Finland Lukas Hradecky
45%
Attackers 25 Borussia Dortmund Germany Niclas Füllkrug
45%
Defenders 26 Borussia Dortmund Germany Mats Hummels
44%
Midfielders 28 Paris Saint-Germain France Warren Zaïre-Emery
43%
Defenders 16 Paris Saint-Germain France Lucas Hernández
36%
Defenders 29 Sporting CP Portugal Gonçalo Inácio
25%
No matching quizzes found
Score Distribution
Percent of People with Each Score
Percentile by Number Answered
Your Score History
You have not taken this quiz